Education and the urban child (Record no. 1356370)

MARC details
000 -LEADER
fixed length control field 00544nam a2200193Ia 4500
005 - DATE AND TIME OF LATEST TRANSACTION
control field 20250508155359.0
008 - FIXED-LENGTH DATA ELEMENTS--GENERAL INFORMATION
fixed length control field 008 250505s9999 xx 000 0 eng d
037 ## - SOURCE OF ACQUISITION
Stock number Textual
040 ## - CATALOGING SOURCE
Original cataloging agency FEDL
Language of cataloging eng
Transcribing agency FEDL
041 ## - LANGUAGE CODE
Language code of text/sound track or separate title eng
Source of code eng
084 ## - COLON CLASSIFICATION NUMBER
Classification number 370.193, MAY
Assigning agency FEDL
100 ## - MAIN ENTRY--PERSONAL NAME
Personal name Mays John Barron
245 #0 - TITLE STATEMENT
Title Education and the urban child
260 ## - PUBLICATION, DISTRIBUTION, ETC.
Place of publication, distribution, etc. Liverpool
Name of publisher, distributor, etc. Liverpool University Press
Date of publication, distribution, etc. 1962
300 ## - PHYSICAL DESCRIPTION
Extent ix,208p.
490 ## - SERIES STATEMENT
Series statement Social Research Series
942 ## - ADDED ENTRY ELEMENTS (KOHA)
Koha item type Textual
Classification part 370.193, MAY
Holdings
Withdrawn status Lost status Damaged status Not for loan Home library Current library Date acquired Total Checkouts Full call number Barcode Date last seen Price effective from Koha item type
        Department of Education Library Department of Education Library 2025-05-08   370.193, MAY EL0041432 2025-05-08 2025-05-08 Textual
Copyright @ Delhi University Library System